[Event "Burjassot U2200 op 6th"]
[Site "Burjassot"]
[Date "2018.09.07"]
[Round "1.12"]
[White "Alegre Romaguera, Francesc"]
[Black "Bares Moreno, Pau"]
[Result "0-1"]
[WhiteElo "1389"]
[BlackElo "1842"]
[PlyCount "56"]
[EventDate "2018.09.07"]
[EventType "swiss"]
[EventRounds "7"]
[EventCountry "ESP"]
[SourceTitle "EXT 2024"]
[Source "ChessBase"]
[SourceDate "2023.10.10"]
[SourceVersion "1"]
[SourceVersionDate "2023.10.10"]
[SourceQuality "1"]

1. e4 c5 2. Nf3 d6 3. d4 cxd4 4. Nxd4 Nf6 5. Nc3 g6 6. Be3 Bg7 7. Qd2 Ng4 8. f3 Nxe3 9. Qxe3 0-0 10. g4 Nc6 11. Nxc6 bxc6 12. 0-0-0 Qa5 13. Bc4 Bxc3 14. Qxc3 Qxc3 15. bxc3 Be6 16. Bb3 a5 17. a4 Rab8 18. Kb2 c5 19. c4 Bxc4 20. Rd2 Rb6 21. Ka2 Be6 22. Bxe6 fxe6 23. Rd3 c4 24. Rd4 Rb4 25. Ra1 Rxa4+ 26. Kb1 Rb8+ 27. Kc1 Rxa1+ 28. Kd2 Rc8 0-1